20 największych miast w Polsce bez Tramwajów - Statystyki

Ogólne statystyki
  • Ten quiz został rozwiązany 85 razy
    62 od ostatniego zresetowania
  • Średni wynik to 9 z 20
Statystyki odpowiedzi
Powierzchnia Miasto % Poprawnych
102,1km² Białystok
73%
391,5km² Gdynia
73%
147,5km² Lublin
73%
278,3km² Zielona Góra
73%
111,7km² Radom
67%
129,0km² Rzeszów
60%
109,5km² Kielce
58%
148,9km² Opole
51%
98,3km² Koszalin
49%
124,4km² Bielsko Biała
47%
109,3km² Jelenia Góra
42%
88,0km² Płock
42%
197,2km² Świnoujście
36%
146,5km² Wałbrzych
36%
82,3km² Konin
33%
102,6km² Piła
31%
85,3km² Jastrzębie-Zdrój
29%
148,3km² Rybnik
27%
84,3km² Włocławek
27%
83,8km² Tarnowskie Góry
9%
Nie znaleziono quizów pasujących do podanych kryteriów
Rozkład punktacji
Procent ludzi z każdym wynikiem
Percentyl według liczby udzielonych odpowiedzi
Twoja historia wyników
Nie rozwiązałeś tego quizu od ostatniego zresetowania